[Event "Joao Pessoa Fischer Memorial 11th"]
[Site "Joao Pessoa"]
[Date "2022.05.06"]
[Round "2"]
[White "Danda, Bruno"]
[Black "Silva, Caio Marques"]
[Result "1/2-1/2"]
[WhiteElo "1420"]
[BlackElo "1678"]
[PlyCount "122"]
[EventDate "2022.05.06"]
[EventType "swiss"]
[EventRounds "6"]
[EventCountry "BRA"]
[SourceTitle "EXT 2023"]
[Source "ChessBase"]
[SourceDate "2022.10.05"]
[SourceVersion "1"]
[SourceVersionDate "2022.10.05"]
[SourceQuality "1"]

1. e4 c5 2. Nf3 Nc6 3. Bb5 Nf6 4. Bxc6 dxc6 5. d3 g6 6. h3 Bg7 7. 0-0 0-0 8. Re1 e6 9. c3 b6 10. Na3 Ba6 11. d4 cxd4 12. cxd4 Qd7 13. Nc2 Rac8 14. Bf4 Rfd8 15. b4 Nh5 16. Be3 c5 17. Rb1 cxd4 18. Bd2 Qe8 19. e5 Bf8 20. Ncxd4 Bb7 21. Qb3 Bd5 22. Qb2 Ng7 23. Bg5 Rd7 24. a3 Bxf3 25. Nxf3 Nf5 26. Rbc1 h6 27. Bf6 b5 28. g4 Ne7 29. Bxe7 Bxe7 30. Nd4 Rcd8 31. Nf3 Rd3 32. Kg2 Qd7 33. Rc2 Qb7 34. Re3 Rxe3 35. fxe3 Qe4 36. Kf2 Rd3 37. Re2 Qc4 38. Nd4 Bh4+ 39. Kg2 Qd5+ 40. Nf3 Qe4 41. Qc2 Bd8 42. Rd2 Rxd2+ 43. Qxd2 Bb6 44. Kf2 Kg7 45. Qc3 Qd5 46. Nd4 Bxd4 47. exd4 Qa2+ 48. Kg3 Qe2 49. Qf3 Qe1+ 50. Qf2 Qxf2+ 51. Kxf2 Kf8 52. Ke3 Ke7 53. Ke4 Kd7 54. d5 exd5+ 55. Kxd5 a6 56. h4 Ke7 57. g5 hxg5 58. hxg5 Kd7 59. Kd4 Kd8 60. Ke4 Ke8 61. Kd5 Kd7 1/2-1/2